000
00425nam a2200169Ia 4500
008
090711s9999 xx 000 0 und d
082
_b
50513
100
_a
अदवंत म. ना.
245
_a
पैंजण
260
_c
1954
300
_a
238
600
_a
अदवंत म. ना.
630
_a
पैंजण
700
_a
अदवंत म. ना.
730
_a
पैंजण
942
_c
BOOK
999
_c
329482
_d
329482